Lenguaje y estilo /

Gespeichert in:
Bibliographische Detailangaben
1. Verfasser: Ullmann, Stephen (autor)
Format: Buch
Sprache:Spanisch
Veröffentlicht: Madrid, España : Aguilar, 1968, c1968
Schriftenreihe:(Biblioteca Cultura e Historia)
Schlagworte:
Tags: Tag hinzufügen
Keine Tags, Fügen Sie das erste Tag hinzu!

MARC

LEADER 00000nam^a2200000^a^4500
001 000110509
005 20250521000000.0
009 20260310093757.856
037 |a Acervo ITESO - Biblioteca 
041 |a ESP 
082 |a 410. 32  |b ULL 
100 |a Ullmann, Stephen  |e (autor) 
245 1 0 |a Lenguaje y estilo /  |c S. Ullmann ; tr. por Juan Martín Ruiz-Werner. 
264 4 |a Madrid, España :  |b Aguilar,  |c 1968, c1968 
300 |a 322 p. 
336 |a texto  |b txt  |2 rdacontenido 
337 |a sin mediación  |b n  |2 rdamedio 
338 |a volumen  |b nc  |2 rdasoporte 
440 1 |a (Biblioteca Cultura e Historia) 
500 |a Traducción de: Language and style 
649 |a XX 
650 |a Semántica 
650 |a Lenguaje y Pensamiento 
650 |a Semiótica y Literatura 
650 |a Estilo Literario 
650 |a Lingüística 
650 |a Literatura -  |x Teoría 
910 |a Fondo Salvador Reynoso Reynoso 
920 |a Impresos - Libros 
930 |a Fondos Especiales 
905 |a 112 
901 |a 0500048605  |b IT2  |c ESP  |u 20250521 
902 |a https://opac.biblio.iteso.mx/vufind/Record/000110509